MARC

LEADER 00000nam0a2200000 4500
001 52596
005 20231031042158.0
010 |a 5947233150 
035 |a (RuTPU)RU\TPU\book\55135 
090 |a 52596 
100 |a 20030603d2003 m y0rusy50 ca 
101 0 |a rus 
102 |a RU 
105 |a a j 001zy 
200 1 |a Решение математических задач средствами Excel  |e Практикум  |f В. Я. Гельман 
210 |a СПб.  |c Питер  |d 2003 
215 |a 240 с.  |c ил. 
225 1 |a Учебник для вузов 
320 |a Библиогр.: с. 236. 
610 1 |a информатика 
610 1 |a математические задачи 
610 1 |a аналитическая геометрия 
610 1 |a линейная алгебра 
610 1 |a оптимизация 
610 1 |a математический анализ 
610 1 |a теория вероятностей 
610 1 |a математическая статистика 
610 1 |a компьютеры 
610 1 |a пакеты программ 
610 1 |a Microsoft Excel 
610 1 |a теория 
610 1 |a типовые задачи 
610 1 |a решения 
610 1 |a практикумы 
610 1 |a учебные пособия 
675 |a 681.3.068(076)  |v 3 
700 1 |a Гельман  |b В. Я.  |g Виктор Яковлевич 
801 1 |a RU  |b 63413507  |c 20030603  |g PSBO 
801 2 |a RU  |b 63413507  |c 20130528  |g PSBO 
942 |c BK